000 00315nam a22001337a 4500
008 170627b xxu||||| |||| 00| 0 eng d
020 _a364312651
041 _aeng
080 _23RD
_a32
100 _a21
101 _aSHP
245 _aTHE LEGISLATIVE PROCESS IN THE UNITED STATES
_cJEWELL, M.E
942 _2udc
_cBK
999 _c19115
_d19115